<?xml version='1.0' encoding='UTF-8'?>
  <record xmlns="http://www.loc.gov/MARC21/slim">
    <leader>00000nam a2200000Mi 4500</leader>
    <controlfield tag="001">ocn974061942</controlfield>
    <controlfield tag="003">OCoLC</controlfield>
    <controlfield tag="005">20170301212914.4</controlfield>
    <controlfield tag="008">991018s1652    ne            000 0 dut d</controlfield>
    <datafield tag="040" ind1=" " ind2=" ">
      <subfield code="a">QGJ</subfield>
      <subfield code="b">dut</subfield>
      <subfield code="c">QGJ</subfield>
    </datafield>
    <datafield tag="035" ind1=" " ind2=" ">
      <subfield code="a">(OCoLC)974061942</subfield>
    </datafield>
    <datafield tag="245" ind1="0" ind2="0">
      <subfield code="a">Declaratie ofte manifest van de Hooge ende Mogende Heeren Staten Generael der Vereenichde Nederlandtsche Provincien :</subfield>
      <subfield code="b">behelsende een oprecht verhael van der selver sincere intentie ende rechtmatige proceduren ontrent de onderhandelinghe met de extraordinaris ambassadeurs ende gecommitteerden vande jegenwoordige regeeringe van Engelandt, soo alhier in 's Graven Hage, als tot London gevallen ...</subfield>
    </datafield>
    <datafield tag="264" ind1=" " ind2="1">
      <subfield code="a">In 'sGraven-Hage :</subfield>
      <subfield code="b">by de Weduwe ende Erfgenamen van wijlen Hillebrandt Jacobssz van Wouw,</subfield>
      <subfield code="c">1652.</subfield>
    </datafield>
    <datafield tag="300" ind1=" " ind2=" ">
      <subfield code="a">-- p. ;</subfield>
      <subfield code="c">18 cm</subfield>
    </datafield>
    <datafield tag="336" ind1=" " ind2=" ">
      <subfield code="a">tekst</subfield>
      <subfield code="b">txt</subfield>
      <subfield code="2">rdacontent/dut</subfield>
    </datafield>
    <datafield tag="337" ind1=" " ind2=" ">
      <subfield code="a">zonder medium</subfield>
      <subfield code="b">n</subfield>
      <subfield code="2">rdamedia/dut</subfield>
    </datafield>
    <datafield tag="338" ind1=" " ind2=" ">
      <subfield code="a">band</subfield>
      <subfield code="b">nc</subfield>
      <subfield code="2">rdacarrier/dut</subfield>
    </datafield>
    <datafield tag="340" ind1=" " ind2=" ">
      <subfield code="m">4-o.</subfield>
    </datafield>
    <datafield tag="510" ind1="0" ind2=" ">
      <subfield code="a">Van Someren 718</subfield>
    </datafield>
    <datafield tag="500" ind1=" " ind2=" ">
      <subfield code="a">Imprint: Na de copye in 'sGraven-Hage, by de Weduwe ende Erfgenamen van wijlen Hillebrandt Jacobssz van Wouw, ordinaris druckers van de Hoogh Mogende Heeren Staten Generael. Anno 1652.</subfield>
    </datafield>
    <datafield tag="500" ind1=" " ind2=" ">
      <subfield code="a">Collational formula: A:6.</subfield>
    </datafield>
    <datafield tag="530" ind1=" " ind2=" ">
      <subfield code="a">Also available in online version.</subfield>
    </datafield>
    <datafield tag="776" ind1="0" ind2="8">
      <subfield code="i">Online version:</subfield>
      <subfield code="t">Declaratie ofte manifest van de Hooge ende Mogende Heeren Staten Generael der Vereenichde Nederlandtsche Provincien :</subfield>
      <subfield code="d">In 'sGraven-Hage : by de Weduwe ende Erfgenamen van wijlen Hillebrandt Jacobssz van Wouw, 1652.</subfield>
    </datafield>
    <datafield tag="856" ind1="4" ind2="1">
      <subfield code="u">http://objects.library.uu.nl/reader/resolver.php?obj=000700914&amp;type=2</subfield>
      <subfield code="x">Online</subfield>
      <subfield code="z">Full text</subfield>
    </datafield>
  </record>